• 首页
  • 本馆介绍
  • 公告通知
  • 最新文献
  • 馆藏检索
  • 电子资源
  • 读者导购
  • 参考咨询
  • 我的图书馆
  • 登录
  • 详细信息显示
  • 放入我的书架
  • 预约/预借图书
  • 作者相关作品
  • 分类相关作品
  • 丛书相关作品
  • 出版社相关作品

书目信息

  • 表格格式
  • 工作单格式
  • 卡片格式
书名: Chemistry problems
作者: [by] M. J. Sienko.
分册号:
分册名:
出版地: Menlo Park, Calif. :
 
出版社: W. A. Benjamin
出版时间: [1972].
页数: x, 382 p. :
开本: 23 cm.
丛书名:
中图分类号:
科图分类号:
其他分类号: O6:H31
主题词:
电子资源:
000 00881nam 2200265 4504
001 E0752021343
005 20070726081837.85
008 030611s1972 caua 00010 eng
010    @a70151306 //r83
020    @a0805388087 :@cCNY1.80.
040    @aDLC@cDLC@dm.c.@dCIN
050 00 @aQD42@b.S47 1972
082    @a540/.76
090    @aP410.35/W3
090    @aO6:H31
099    @dO6:H31@ex81=2
100 1  @aSienko, Michell J.
240 10 @aFreshman chemistry problems and how to solve them.
245 10 @aChemistry problems / @c[by] M. J. Sienko.
250    @a2d ed.
260 0  @aMenlo Park, Calif. :@bW. A. Benjamin,@c[1972].
300    @ax, 382 p. :@billus. ;@c23 cm.
500    @aFirst published in 2 v. in 1964 under title: Freshman chemistry problems and how to solve them.
650  0 @aChemistry@xProblems, exercises, etc.
920    @a232010@z2
    
    Chemistry problems / / [by] M. J. Sienko.-2d ed.-Menlo Park, Calif. : : W. A. Benjamin, , [1972].
    x, 382 p. : : illus. ; ; 23 cm.
    First published in 2 v. in 1964 under title: Freshman chemistry problems and how to solve them.
    
    ISBN 0805388087 :CNY1.80.
    
●
相关链接 在E读中查询图书 在五车中查询图书 在当当中查询图书 在豆瓣中查询图书


正题名:Chemistry problems     索取号:O6:H31/x81=2         预约/预借

序号 登录号 条形码 馆藏地/架位号 状态 备注
1 16985   300139277   密集书库/ [索取号:O6:H31/x81=2] 在馆    
2 49053   000636592   第四借阅区/ [索取号:O6:H31/x81=2] 在馆    
3 49054   000636477   第四借阅区/ [索取号:O6:H31/x81=2] 在馆    
唐山师范学院图书馆 欢迎您!
大连网信软件有限公司© 版权所有